[Event "SV Welper 1 - SG Ennepe-Ruhr-Süd 1"]
[Site "NRW-Klasse - Gruppe 2 2021/20"]
[Date "2022.04.24"]
[Round "8.6"]
[White "Schaller, Torsten"]
[Black "Hess, Olena"]
[Result "1/2-1/2"]
[WhiteElo "1893"]
[BlackElo "2033"]
[PlyCount "40"]
[EventDate "2022.??.??"]
[SourceVersionDate "2020.03.16"]
[WhiteTeam "SV Welper 1"]
[BlackTeam "SG Ennepe-Ruhr-Süd 1"]

1. e4 d6 2. d4 Nf6 3. Nc3 e5 4. Nf3 Nbd7 5. h3 Be7 6. g4 O-O 7. Bg2 c6 8. a4 b6
9. Be3 Ba6 10. Qd2 Qc7 11. g5 Nh5 12. h4 Rfe8 13. O-O-O b5 14. dxe5 Nxe5 15.
Nxe5 dxe5 16. Bf3 Nf4 17. axb5 Bxb5 18. Nxb5 cxb5 19. Bxf4 exf4 20. e5 Rac8
1/2-1/2

[Event "SV Welper 1 - SG Ennepe-Ruhr-Süd 1"]
[Site "NRW-Klasse - Gruppe 2 2021/20"]
[Date "2022.04.24"]
[Round "8.7"]
[White "Nasoyan, Maksim"]
[Black "Sondermann, Dirk"]
[Result "1-0"]
[WhiteElo "1895"]
[BlackElo "1798"]
[PlyCount "65"]
[EventDate "2022.??.??"]
[SourceVersionDate "2020.03.16"]
[WhiteTeam "SG Ennepe-Ruhr-Süd 1"]
[BlackTeam "SV Welper 1"]

1. e4 Nc6 2. Nf3 d6 3. d4 Nf6 4. Nc3 g6 5. Bg5 Bg7 6. e5 Nd7 7. exd6 cxd6 8.
Qd2 h6 9. Be3 Nf6 10. h3 a6 11. g4 Qa5 12. Bg2 Bd7 13. d5 Na7 14. Nd4 Nb5 15.
Nb3 Qc7 16. Ne2 Qd8 17. f4 O-O 18. f5 g5 19. Bf3 Nh7 20. c3 e6 21. dxe6 fxe6
22. Bxb7 exf5 23. Bxa8 Qxa8 24. O-O-O fxg4 25. hxg4 Bxg4 26. Rhg1 Bxe2 27. Qxe2
Rc8 28. Bd4 Nxd4 29. Nxd4 Be5 30. Nf5 Qb7 31. Nxd6 Bxd6 32. Rxd6 Qg7 33. Qe6+
1-0

[Event "SV Welper 1 - SG Ennepe-Ruhr-Süd 1"]
[Site "NRW-Klasse - Gruppe 2 2021/20"]
[Date "2022.04.24"]
[Round "8.8"]
[White "Leimkuehler, Dirk"]
[Black "Schaefer, Martin"]
[Result "0-1"]
[WhiteElo "1798"]
[BlackElo "1888"]
[PlyCount "64"]
[EventDate "2022.??.??"]
[SourceVersionDate "2020.03.16"]
[WhiteTeam "SV Welper 1"]
[BlackTeam "SG Ennepe-Ruhr-Süd 1"]

1. f4 c5 2. Nf3 d5 3. g3 Nc6 4. Bg2 g6 5. O-O Bg7 6. d3 Bg4 7. Nc3 Qd7 8. e4 d4
9. Ne2 O-O-O 10. a3 Kb8 11. Rb1 a6 12. b4 cxb4 13. axb4 Bxf3 14. Bxf3 Na7 15.
Bb2 Nb5 16. Qd2 e6 17. Nc1 Nc3 18. Ra1 Na4 19. Ba3 Ne7 20. Nb3 b6 21. Qg2 e5
22. Nd2 f6 23. Nc4 Rc8 24. Rfb1 b5 25. Na5 Qc7 26. fxe5 fxe5 27. Bg4 Rcf8 28.
Rf1 h5 29. Be6 Bh6 30. Bc1 Rxf1+ 31. Qxf1 Rf8 32. Qg2 Qc3 0-1

[Event "SV Hemer 1 - SK Sodingen/Castrop 1"]
[Site "NRW-Klasse - Gruppe 2 2021/20"]
[Date "2022.04.24"]
[Round "8.1"]
[White "Boehnke, Martin"]
[Black "Voicu-Jagodzinsky, Carmen"]
[Result "1/2-1/2"]
[WhiteElo "2142"]
[BlackElo "2268"]
[PlyCount "142"]
[EventDate "2022.??.??"]
[SourceVersionDate "2020.03.16"]
[WhiteTeam "SK Sodingen/Castrop 1"]
[BlackTeam "SV Hemer 1"]

1. d4 Nf6 2. c4 e6 3. g3 c5 4. Nf3 cxd4 5. Nxd4 d5 6. Bg2 e5 7. Nb5 a6 8. N5c3
d4 9. Nd5 Nc6 10. O-O Be6 11. Bg5 Be7 12. Bxf6 Bxf6 13. Nd2 O-O 14. Qa4 Rc8 15.
b4 Bxd5 16. Bxd5 Qd7 17. Rab1 Rc7 18. Nb3 Qg4 19. Bf3 Qf5 20. Nc5 Nd8 21. Qa5
Re7 22. Be4 Qc8 23. Qb6 Qc7 24. Qxc7 Rxc7 25. Bd5 g6 26. Nd3 Re8 27. f3 Bg5 28.
b5 Be3+ 29. Kg2 a5 30. b6 Rce7 31. Nc5 Kg7 32. Rb5 Bd2 33. Nb3 Bc3 34. Nxa5 f5
35. c5 e4 36. fxe4 Bxa5 37. Rxa5 fxe4 38. Rd1 Rd7 39. Rxd4 Re5 40. c6 bxc6 41.
Ra7 Nb7 42. Bxc6 Rxd4 43. Rxb7+ Kh6 44. Rd7 Rb4 45. b7 Re6 46. Bd5 Reb6 47. Rd8
Kg5 48. Kf2 Kf5 49. Re8 Rxb7 50. Bxb7 Rxb7 51. Ra8 Rb2 52. h3 h5 53. Ra5+ Kf6
54. Ke3 Rc2 55. a3 h4 56. gxh4 Rc3+ 57. Kxe4 Rxh3 58. h5 Rh4+ 59. Kf3 gxh5 60.
e4 Rh3+ 61. Kf4 Rh4+ 62. Ke3 Rh1 63. Rf5+ Ke6 64. a4 Ra1 65. a5 h4 66. Rh5 h3
67. a6 Kf7 68. a7 Kg6 69. Rxh3 Rxa7 70. Rf3 Ra3+ 71. Kf4 Rxf3+ 1/2-1/2

[Event "SV Hemer 1 - SK Sodingen/Castrop 1"]
[Site "NRW-Klasse - Gruppe 2 2021/20"]
[Date "2022.04.24"]
[Round "8.2"]
[White "Runte, Moritz"]
[Black "Werrn, Pascal"]
[Result "1/2-1/2"]
[WhiteElo "2131"]
[BlackElo "2075"]
[PlyCount "101"]
[EventDate "2022.??.??"]
[SourceVersionDate "2020.03.16"]
[WhiteTeam "SV Hemer 1"]
[BlackTeam "SK Sodingen/Castrop 1"]

1. e4 c5 2. Nf3 Nc6 3. d4 cxd4 4. Nxd4 e5 5. Nb5 a6 6. Nd6+ Bxd6 7. Qxd6 Qf6 8.
Qxf6 Nxf6 9. Nc3 d6 10. Bg5 Be6 11. O-O-O Ke7 12. Bxf6+ gxf6 13. Nd5+ Bxd5 14.
exd5 Nb8 15. Bd3 Nd7 16. Bf5 Nc5 17. f4 h5 18. Rdf1 Rae8 19. Rf3 Kd8 20. Kd2 b5
21. Re1 exf4 22. Bd3 Rxe1 23. Kxe1 Re8+ 24. Kf2 Re5 25. Rxf4 Ke7 26. Rd4 Na4
27. b3 Nc3 28. a4 bxa4 29. bxa4 a5 30. Bc4 Nxa4 31. Be2 Nc5 32. Bf3 a4 33. c3
a3 34. Rd2 Na4 35. Ra2 Nxc3 36. Rxa3 Nxd5 37. Ra7+ Ke6 38. Kg3 Ne7 39. Bd1 Ng6
40. Bb3+ d5 41. Ra6+ Kf5 42. Bc2+ Kg5 43. Ra7 Re2 44. Bb1 Nh4 45. Rxf7 Rxg2+
46. Kh3 Rb2 47. Bd3 Nf3 48. Kg3 h4+ 49. Kxf3 Rxh2 50. Rg7+ Kh5 51. Rh7+ 1/2-1/2

[Event "SV Hemer 1 - SK Sodingen/Castrop 1"]
[Site "NRW-Klasse - Gruppe 2 2021/20"]
[Date "2022.04.24"]
[Round "8.3"]
[White "Mueller, Frank"]
[Black "Leonard, Timo"]
[Result "0-1"]
[WhiteElo "2010"]
[BlackElo "2025"]
[PlyCount "80"]
[EventDate "2022.??.??"]
[SourceVersionDate "2020.03.16"]
[WhiteTeam "SK Sodingen/Castrop 1"]
[BlackTeam "SV Hemer 1"]

1. e4 c6 2. d4 d5 3. Nd2 dxe4 4. Nxe4 Nf6 5. Nxf6+ exf6 6. c3 Bd6 7. Bd3 O-O 8.
Qc2 Re8+ 9. Ne2 h5 10. Be3 Nd7 11. O-O-O Nf8 12. c4 Qa5 13. Kb1 Be6 14. a3 b5
15. d5 cxd5 16. cxb5 Ng6 17. Nd4 Bg4 18. Rc1 Ne5 19. Nc6 Qc7 20. Bh7+ Kh8 21.
h3 Bd7 22. Bf5 Nc4 23. Bd4 a6 24. Bxd7 Qxd7 25. Qd1 Qf5+ 26. Rc2 axb5 27. Bc3
Bxa3 28. Nd4 Qg6 29. Nxb5 Bxb2 30. Bxb2 Nxb2 31. Kxb2 Rab8 32. Rc5 Qxg2 33.
Qxd5 Qxf2+ 34. Rc2 Qb6 35. Qxh5+ Kg8 36. Rc5 Re2+ 37. Kb3 Qe6+ 38. Qd5 Qe3+ 39.
Rc3 Qb6 40. Rc5 Re5 0-1

[Event "SV Hemer 1 - SK Sodingen/Castrop 1"]
[Site "NRW-Klasse - Gruppe 2 2021/20"]
[Date "2022.04.24"]
[Round "8.4"]
[White "Jagodzinsky, Andreas"]
[Black "Hille, Ralph Ingo"]
[Result "1/2-1/2"]
[WhiteElo "2102"]
[BlackElo "2016"]
[PlyCount "52"]
[EventDate "2022.??.??"]
[SourceVersionDate "2020.03.16"]
[WhiteTeam "SV Hemer 1"]
[BlackTeam "SK Sodingen/Castrop 1"]

1. d4 b6 2. e4 e6 3. Bd3 Bb7 4. Ne2 d6 5. O-O g6 6. c3 Nd7 7. Be3 Ngf6 8. f3
Bg7 9. Nd2 O-O 10. b4 Qe7 11. Qe1 e5 12. Bg5 h6 13. Bh4 Qe8 14. d5 Nh7 15. Qb1
h5 16. c4 Bh6 17. Nb3 Bg5 18. Bxg5 Nxg5 19. c5 Nf6 20. Qc1 Ngh7 21. c6 Bc8 22.
a4 a6 23. Qe3 Qe7 24. h3 h4 25. Nc3 Nh5 26. Ne2 g5 1/2-1/2

[Event "SV Hemer 1 - SK Sodingen/Castrop 1"]
[Site "NRW-Klasse - Gruppe 2 2021/20"]
[Date "2022.04.24"]
[Round "8.5"]
[White "Foerster, Wolfgang"]
[Black "Stoering, Marc"]
[Result "1/2-1/2"]
[WhiteElo "2008"]
[BlackElo "1917"]
[PlyCount "34"]
[EventDate "2022.??.??"]
[SourceVersionDate "2020.03.16"]
[WhiteTeam "SK Sodingen/Castrop 1"]
[BlackTeam "SV Hemer 1"]

1. e4 c5 2. Nc3 e6 3. g3 Nc6 4. Bg2 g6 5. d3 Bg7 6. f4 Nge7 7. Nf3 d5 8. e5 a6
9. a4 Rb8 10. O-O O-O 11. Ne2 Qc7 12. h4 f6 13. exf6 Bxf6 14. c3 Nf5 15. Qe1
Qd8 16. Qf2 b6 17. Kh1 Rb7 1/2-1/2

[Event "SV Hemer 1 - SK Sodingen/Castrop 1"]
[Site "NRW-Klasse - Gruppe 2 2021/20"]
[Date "2022.04.24"]
[Round "8.6"]
[White "Trinh, Fabian Dat"]
[Black "Ribbeheger, Edgar"]
[Result "1/2-1/2"]
[WhiteElo "1891"]
[BlackElo "1992"]
[PlyCount "137"]
[EventDate "2022.??.??"]
[SourceVersionDate "2020.03.16"]
[WhiteTeam "SV Hemer 1"]
[BlackTeam "SK Sodingen/Castrop 1"]

1. d4 Nf6 2. Bf4 d5 3. e3 e6 4. Nf3 Bd6 5. Bg3 O-O 6. Nbd2 c5 7. c3 b6 8. Bd3
Ba6 9. Bxa6 Nxa6 10. Ne5 Qc7 11. O-O Nb8 12. f4 Nc6 13. Bh4 Be7 14. Rf3 Nxe5
15. fxe5 Ne4 16. Nxe4 Bxh4 17. Rh3 dxe4 18. Rxh4 f6 19. exf6 Rxf6 20. Rxe4 Raf8
21. Qe2 Qf7 22. Rf4 Rxf4 23. exf4 cxd4 24. cxd4 Qxf4 25. Rd1 {(=)} Qd6 26. h3
Rd8 27. Qe4 Qd5 28. Qxd5 Rxd5 29. Kf2 e5 30. Ke3 Kf7 31. Ke4 Ke6 32. Rd3 exd4
33. Rxd4 Re5+ 34. Kf3 h5 35. Rd8 Rf5+ 36. Ke3 g5 37. Re8+ Kd6 38. Rd8+ Kc6 39.
Rc8+ Kb7 40. Rc2 h4 41. Rf2 Rc5 42. Kd3 a5 43. b3 Kc6 44. Rf6+ Kc7 45. a4 Rd5+
46. Kc3 Re5 47. Kd3 b5 48. axb5 Rxb5 49. Kc3 Re5 50. Kd3 Kb7 51. Rg6 Rf5 52.
Kc4 Kc7 53. Kd4 Kd7 54. Ke4 Rb5 55. Kd4 Ke7 56. Ke4 Kf7 57. Ra6 Rxb3 58. Rxa5
Kg6 59. Ra2 Rg3 60. Rb2 Kh5 61. Kf5 {(=)} Ra3 62. Rb8 Ra5+ 63. Ke4 Kg6 64. Rb6+
Kh5 65. Kf3 Rf5+ 66. Ke2 g4 67. hxg4+ Kxg4 68. Rb3 Rf4 69. Ra3 1/2-1/2

[Event "SV Hemer 1 - SK Sodingen/Castrop 1"]
[Site "NRW-Klasse - Gruppe 2 2021/20"]
[Date "2022.04.24"]
[Round "8.7"]
[White "Rohovoy, Dmitrij"]
[Black "Zitzewitz, Roland"]
[Result "1-0"]
[WhiteElo "1936"]
[BlackElo "2004"]
[PlyCount "49"]
[EventDate "2022.??.??"]
[SourceVersionDate "2020.03.16"]
[WhiteTeam "SK Sodingen/Castrop 1"]
[BlackTeam "SV Hemer 1"]

1. d4 e6 2. c4 Bb4+ 3. Bd2 Qe7 4. Nf3 f5 5. Nc3 Nf6 6. e3 O-O 7. Bd3 d6 8. Qc2
Nc6 9. a3 Bxc3 10. Bxc3 g6 11. b4 e5 12. dxe5 dxe5 13. b5 e4 14. bxc6 exd3 15.
Qxd3 Rd8 16. Qc2 {(=)} f4 17. O-O fxe3 18. Rae1 Ng4 19. fxe3 Bf5 20. Qc1 Bd3
21. h3 Bxf1 22. hxg4 Bd3 23. Bb2 Be4 24. Qc3 Rf8 25. Ng5 1-0

[Event "SV Hemer 1 - SK Sodingen/Castrop 1"]
[Site "NRW-Klasse - Gruppe 2 2021/20"]
[Date "2022.04.24"]
[Round "8.8"]
[White "Mai, Artur"]
[Black "Becker, Joerg"]
[Result "0-1"]
[WhiteElo "1753"]
[BlackElo "2125"]
[PlyCount "94"]
[EventDate "2022.??.??"]
[SourceVersionDate "2020.03.16"]
[WhiteTeam "SV Hemer 1"]
[BlackTeam "SK Sodingen/Castrop 1"]

1. e4 d5 2. exd5 Nf6 3. d4 Nxd5 4. Nf3 g6 5. c4 Nf6 6. Nc3 Bg7 7. Be3 O-O 8.
Be2 Nbd7 9. Qd2 Ng4 10. Bg5 f6 11. Bh4 Nh6 12. O-O-O Nf5 13. Bg3 Bh6 14. Bf4 g5
15. Be3 Nxe3 16. Qxe3 Kg7 17. g4 e6 18. Ne4 Nb6 19. Rdg1 f5 20. gxf5 exf5 21.
Nexg5 Kh8 22. Nf7+ Rxf7 23. Qxh6 Qf6 24. Qg5 Be6 25. Ne5 Qxg5+ 26. Rxg5 Rg7 27.
h4 c6 28. b3 Rd8 29. Rd1 h6 30. Rxg7 Kxg7 31. Kc2 Kf6 32. Rd3 f4 33. Kc3 Bf5
34. Rf3 c5 35. dxc5 Kxe5 36. cxb6 axb6 37. Bd3 Bg4 38. Be2 Bxf3 39. Bxf3 Rd7
40. a4 {(=)} Kf6 41. b4 Ke5 42. a5 bxa5 43. bxa5 Kd6 44. Kb4 Kc7 45. Bg4 Rg7
46. Kc5 Rxg4 47. h5 Rg5+ 0-1

[Event "Südlohner SV 1 - SG Turm Raesfeld/Erle"]
[Site "NRW-Klasse - Gruppe 2 2021/20"]
[Date "2022.04.24"]
[Round "8.1"]
[White "Greifenberg, Daniel"]
[Black "Kolakovic, Klaudio"]
[Result "0-1"]
[WhiteElo "2124"]
[BlackElo "2100"]
[PlyCount "60"]
[EventDate "2022.??.??"]
[SourceVersionDate "2020.03.16"]
[WhiteTeam "SG Turm Raesfeld/Erle 1"]
[BlackTeam "Südlohner SV 1"]

1. c4 Nf6 2. Nc3 g6 3. g3 Bg7 4. Bg2 O-O 5. e4 d6 6. Nge2 Nc6 7. O-O e5 8. d3
Rb8 9. h3 a6 10. a4 Nd7 11. Rb1 a5 12. Be3 Nc5 13. d4 exd4 14. Nxd4 Nb4 15. Nd5
Nxd5 16. cxd5 Bd7 17. Nb5 Bxb5 18. axb5 Qd7 19. b4 axb4 20. Rxb4 b6 21. Bd4
Bxd4 22. Qxd4 Ra8 23. f4 f6 24. Ra1 Qe7 25. Kf1 Rfe8 26. Bf3 f5 27. exf5 Rxa1+
28. Qxa1 Qe3 29. Bg4 Nd3 30. Rb2 Qe1+ 0-1

[Event "Südlohner SV 1 - SG Turm Raesfeld/Erle"]
[Site "NRW-Klasse - Gruppe 2 2021/20"]
[Date "2022.04.24"]
[Round "8.2"]
[White "Engels, Natia"]
[Black "Wilger, Frank"]
[Result "1/2-1/2"]
[WhiteElo "2085"]
[BlackElo "2127"]
[PlyCount "96"]
[EventDate "2022.??.??"]
[SourceVersionDate "2020.03.16"]
[WhiteTeam "Südlohner SV 1"]
[BlackTeam "SG Turm Raesfeld/Erle 1"]

1. d4 d5 2. c4 e6 3. Nc3 Be7 4. Nf3 Nf6 5. Bg5 O-O 6. e3 b6 7. Bxf6 Bxf6 8.
cxd5 exd5 9. Bd3 Re8 10. O-O Bb7 11. Qc2 g6 12. Rad1 c6 13. Rfe1 Nd7 14. e4 Bg7
15. exd5 Rxe1+ 16. Rxe1 cxd5 17. Qe2 Bf6 18. Ba6 Bc6 19. b4 Nb8 20. Bd3 a6 21.
Ne5 Ra7 22. a4 Re7 23. f4 b5 24. a5 Bb7 25. Qf3 Bg7 26. Rd1 Qd6 27. Bb1 Nd7 28.
Ba2 Nxe5 29. fxe5 Qxb4 30. Nxd5 Bxd5 31. Qxd5 Qxa5 32. Rf1 Qc7 33. Qa8+ Bf8 34.
Qxa6 Qd7 35. Qb6 Bh6 36. Kh1 Be3 37. Qb8+ Kg7 38. e6 Rxe6 39. Bxe6 Qxe6 40. Re1
Qf6 41. d5 Bf4 42. Qxb5 Bxh2 43. Rf1 Qh4 44. Qd7 Be5+ 45. Qh3 Qd4 46. Qf3 Qh4+
47. Qh3 Qd4 48. Qf3 Qh4+ 1/2-1/2

[Event "Südlohner SV 1 - SG Turm Raesfeld/Erle"]
[Site "NRW-Klasse - Gruppe 2 2021/20"]
[Date "2022.04.24"]
[Round "8.3"]
[White "Buendgen, Achim"]
[Black "Darwisch, Khaled"]
[Result "1-0"]
[WhiteElo "2091"]
[BlackElo "2076"]
[PlyCount "111"]
[EventDate "2022.??.??"]
[SourceVersionDate "2020.03.16"]
[WhiteTeam "SG Turm Raesfeld/Erle 1"]
[BlackTeam "Südlohner SV 1"]

1. d4 d6 2. e4 g6 3. Nc3 Bg7 4. Be3 Nf6 5. h3 O-O 6. Nf3 c6 7. a4 Qc7 8. Be2 e5
9. dxe5 dxe5 10. O-O Nh5 11. Bc4 Nf4 12. Bxf4 exf4 13. Re1 Nd7 14. Qd2 Nc5 15.
e5 Bf5 16. Re2 Bh6 17. b4 Rad8 18. Qe1 Nxa4 19. Nxa4 b5 20. Bb3 bxa4 21. Rxa4
c5 22. bxc5 Qxc5 23. Qa1 Qb5 24. Re1 Qc6 25. Nd4 Rxd4 26. Qxd4 f3 27. Bd5 Qxc2
28. Bxf3 a5 29. Rea1 Qd2 30. Rd1 Qg5 31. h4 Qe7 32. Rxa5 Bg7 33. Re1 Rd8 34.
Ra8 Bc8 35. Qc4 Be6 36. Rxd8+ Qxd8 37. Qa4 Bf8 38. g3 Qd3 39. Kg2 Bc5 40. Qd1
Qf5 41. Qd8+ Kg7 42. Qg5 Qc2 43. Re2 Qc3 44. Qf6+ Kg8 45. Qf4 Bd4 46. h5 gxh5
47. Rd2 Bb6 48. Bxh5 Bc7 49. Bg4 Bc4 50. Qd4 Qc1 51. Rd1 Qc2 52. Ra1 Ba2 53.
Bd1 Qc6+ 54. Bf3 Qc2 55. Be4 Qe2 56. Bd3 1-0

[Event "Südlohner SV 1 - SG Turm Raesfeld/Erle"]
[Site "NRW-Klasse - Gruppe 2 2021/20"]
[Date "2022.04.24"]
[Round "8.4"]
[White "Doennebrink, Elmar"]
[Black "Gesing, Felix"]
[Result "1-0"]
[WhiteElo "2047"]
[BlackElo "2056"]
[PlyCount "119"]
[EventDate "2022.??.??"]
[SourceVersionDate "2020.03.16"]
[WhiteTeam "Südlohner SV 1"]
[BlackTeam "SG Turm Raesfeld/Erle 1"]

1. e4 d6 2. d4 Nf6 3. Nc3 Nbd7 4. f4 e5 5. Nf3 exd4 6. Qxd4 c6 7. Bd2 d5 8.
exd5 Bc5 9. Qd3 O-O 10. O-O-O cxd5 11. Nxd5 Nxd5 12. Qxd5 Qc7 13. Bd3 Nf6 14.
Qe5 Bd6 15. Qg5 Be6 16. Nd4 h6 17. Nxe6 fxe6 18. Qh4 Nd5 19. g3 Rac8 20. Qg4
Qf7 21. Rhe1 Rfe8 22. Bg6 Qc7 23. Rxe6 Ne7 24. Rde1 Rcd8 25. Bd3 Ba3 26. Rxe7
Bxe7 27. Qe6+ Kh8 28. Qg6 Kg8 29. Qe6+ Kh8 30. Bc3 Bf6 31. Qf5 Rxd3 32. Qxd3
Rd8 33. Qf3 Qc4 34. Bxf6 gxf6 35. Kb1 Rd2 36. Rc1 Rxh2 37. Qxb7 a6 38. Qe7 Qc6
39. Qe8+ Kh7 40. Qf7+ Kh8 41. Qg6 a5 42. a4 Qe6 43. Rd1 Qe7 44. b3 Rh3 45. Ka2
Rh2 46. Rd5 Rh1 47. Rxa5 Ra1+ 48. Kxa1 Qe1+ 49. Kb2 Qxa5 50. Qxh6+ Kg8 51. Qxf6
Qe1 52. g4 Qf2 53. a5 Qg2 54. a6 Qg1 55. Qe7 Qd4+ 56. Ka2 Qd2 57. Qc7 Qe2 58.
a7 Qa6+ 59. Kb2 Qf6+ 60. Qe5 1-0

[Event "Südlohner SV 1 - SG Turm Raesfeld/Erle"]
[Site "NRW-Klasse - Gruppe 2 2021/20"]
[Date "2022.04.24"]
[Round "8.5"]
[White "Borutta, Niklas"]
[Black "Teloeken, Andreas"]
[Result "1-0"]
[WhiteElo "2058"]
[BlackElo "2024"]
[PlyCount "79"]
[EventDate "2022.??.??"]
[SourceVersionDate "2020.03.16"]
[WhiteTeam "SG Turm Raesfeld/Erle 1"]
[BlackTeam "Südlohner SV 1"]

1. c4 Nf6 2. g3 c5 3. Bg2 d5 4. cxd5 Nxd5 5. Nc3 Nc7 6. Nf3 Nc6 7. O-O g6 8. a3
Bg7 9. d3 O-O 10. Rb1 h6 11. Ne4 b6 12. Bd2 Bb7 13. b4 cxb4 14. axb4 Nb5 15.
Re1 Rc8 16. Qa4 a6 17. Rbc1 Ncd4 18. Nxd4 Nxd4 19. Kf1 Qd5 20. Nf6+ Bxf6 21.
Bxd5 Bxd5 22. Rxc8 Rxc8 23. Qxa6 Be6 24. f3 Kg7 25. Rc1 Nc2 26. Qxc8 Bxc8 27.
Rxc2 Bd7 28. Bc3 e5 29. f4 exf4 30. gxf4 g5 31. fxg5 hxg5 32. Kf2 Kg6 33. Bxf6
Kxf6 34. e4 Ke5 35. Ke3 f6 36. d4+ Kd6 37. Rf2 Ke6 38. d5+ Ke5 39. Rc2 Be8 40.
Rc6 1-0

[Event "Südlohner SV 1 - SG Turm Raesfeld/Erle"]
[Site "NRW-Klasse - Gruppe 2 2021/20"]
[Date "2022.04.24"]
[Round "8.6"]
[White "Hater, Wolfgang"]
[Black "Hoffmann, Fabian"]
[Result "0-1"]
[WhiteElo "2024"]
[BlackElo "1970"]
[PlyCount "50"]
[EventDate "2022.??.??"]
[SourceVersionDate "2020.03.16"]
[WhiteTeam "Südlohner SV 1"]
[BlackTeam "SG Turm Raesfeld/Erle 1"]

1. e4 c6 2. d3 d5 3. Nd2 g6 4. Be2 Bg7 5. h4 h5 6. Ngf3 Nf6 7. e5 Ng4 8. d4 Bf5
9. Nf1 f6 10. Ng3 fxe5 11. Nxf5 gxf5 12. Nxe5 Bxe5 13. dxe5 Qb6 14. O-O Nd7 15.
Bxg4 hxg4 16. Bg5 O-O-O 17. Qd3 Rde8 18. Rae1 e6 19. c4 Kb8 20. Qa3 Qc5 21. b4
Qxc4 22. Be3 Rxh4 23. Qxa7+ Kc7 24. g3 Rh5 25. f3 Reh8 0-1

[Event "Südlohner SV 1 - SG Turm Raesfeld/Erle"]
[Site "NRW-Klasse - Gruppe 2 2021/20"]
[Date "2022.04.24"]
[Round "8.7"]
[White "Broemmel, Rudolf"]
[Black "Emming, Benedikt"]
[Result "1/2-1/2"]
[WhiteElo "1926"]
[BlackElo "1803"]
[PlyCount "67"]
[EventDate "2022.??.??"]
[SourceVersionDate "2020.03.16"]
[WhiteTeam "SG Turm Raesfeld/Erle 1"]
[BlackTeam "Südlohner SV 1"]

1. d4 Nf6 2. Bg5 e6 3. e4 h6 4. Bxf6 Qxf6 5. Nc3 Bb4 6. Qd2 c5 7. a3 Bxc3 8.
bxc3 O-O 9. f4 d6 10. Nf3 b6 11. Qe3 Ba6 12. Bxa6 Nxa6 13. O-O Nc7 14. a4 Qe7
15. Nd2 f5 16. exf5 Rxf5 17. c4 cxd4 18. Qxd4 Raf8 19. a5 e5 20. Qe3 Rxf4 21.
axb6 Rxf1+ 22. Rxf1 Rxf1+ 23. Nxf1 axb6 24. Qxb6 Ne6 25. h3 Qc7 26. Qxc7 Nxc7
27. Ne3 g6 28. Nd5 Nxd5 29. cxd5 Kf7 30. Kf2 Ke7 31. Ke3 Kd7 32. Kd3 Kc7 33.
Kc4 Kb6 34. Kb4 1/2-1/2

[Event "Kölner SK Dr. Lasker 2 - SF Düsseldor"]
[Site "NRW-Klasse - Gruppe 3 2021/20"]
[Date "2021.11.07"]
[Round "1.1"]
[White "Gula, Julian"]
[Black "Mandt, Mathias"]
[Result "1/2-1/2"]
[WhiteElo "2043"]
[BlackElo "2052"]
[PlyCount "81"]
[EventDate "2021.??.??"]
[SourceVersionDate "2020.03.16"]
[WhiteTeam "SF Düsseldorf-Süd 1"]
[BlackTeam "Kölner SK Dr. Lasker 2"]

1. e4 Nf6 2. e5 Nd5 3. Nc3 c6 4. Nxd5 cxd5 5. c3 d6 6. Nf3 dxe5 7. Nxe5 a6 8.
Qf3 Be6 9. d4 Nc6 10. Bf4 f6 11. Nxc6 bxc6 12. Bd3 Qd7 13. O-O g5 14. Bd2 Bg4
15. Qe3 Qe6 16. Rfe1 Qxe3 17. Rxe3 Kf7 18. Rae1 Bc8 19. c4 e6 20. b4 Bd6 21.
Bc3 Bd7 22. a4 h6 23. c5 Bc7 24. Bf5 Rhe8 25. Bg4 Re7 26. Bh5+ Kg7 27. Bg4 Kf7
28. Bh5+ Kg7 29. g3 f5 30. b5 axb5 31. axb5 cxb5 32. c6 f4 33. R3e2 Be8 34. Bf3
Bd6 35. Bxd5 exd5 36. Rxe7+ Bxe7 37. Rxe7+ Kf6 38. Rh7 Kg6 39. Re7 Kf6 40. Rh7
Kg6 41. Re7 1/2-1/2

[Event "Kölner SK Dr. Lasker 2 - SF Düsseldor"]
[Site "NRW-Klasse - Gruppe 3 2021/20"]
[Date "2021.11.07"]
[Round "1.2"]
[White "Strohmeyer, Jochen"]
[Black "Kontorovitch, Vladimir"]
[Result "1/2-1/2"]
[WhiteElo "2143"]
[BlackElo "2120"]
[PlyCount "37"]
[EventDate "2021.??.??"]
[SourceVersionDate "2020.03.16"]
[WhiteTeam "Kölner SK Dr. Lasker 2"]
[BlackTeam "SF Düsseldorf-Süd 1"]

1. e4 e5 2. Bc4 Nc6 3. Nc3 Nf6 4. d3 Be7 5. f4 d6 6. Nf3 Bg4 7. O-O O-O 8. h3
Bxf3 9. Qxf3 Na5 10. Bb3 Nxb3 11. axb3 c6 12. fxe5 dxe5 13. Be3 Kh8 14. Qf2 Nd7
15. Kh1 b6 16. Qf5 g6 17. Qg4 h5 18. Qe2 Bg5 19. b4 1/2-1/2

[Event "Kölner SK Dr. Lasker 2 - SF Düsseldor"]
[Site "NRW-Klasse - Gruppe 3 2021/20"]
[Date "2021.11.07"]
[Round "1.3"]
[White "Tagsold, Christian"]
[Black "Fox, Daniel"]
[Result "1-0"]
[WhiteElo "2115"]
[BlackElo "2128"]
[PlyCount "113"]
[EventDate "2021.??.??"]
[SourceVersionDate "2020.03.16"]
[WhiteTeam "SF Düsseldorf-Süd 1"]
[BlackTeam "Kölner SK Dr. Lasker 2"]

1. d4 Nf6 2. Nf3 d5 3. g3 e6 4. Bg2 Be7 5. O-O O-O 6. c4 dxc4 7. Qc2 a6 8. a4
Nc6 9. Qxc4 Qd5 10. Qc2 Nxd4 11. Nxd4 Qxd4 12. Qxc7 Qc5 13. Qxc5 Bxc5 14. Nc3
Ra7 15. Bg5 b6 16. Rfd1 Rd7 17. Rxd7 Nxd7 18. Ne4 Bb4 19. Rd1 f6 20. Be3 Nc5
21. Nxc5 Bxc5 22. Bxc5 bxc5 23. a5 Kf7 24. Rc1 Bd7 25. Rxc5 Bb5 26. Rc7+ Kg6
27. Be4+ f5 28. Bd3 Rb8 29. Bxb5 Rxb5 30. Rc6 Rxa5 31. Rxe6+ Kh5 32. Rb6 Ra1+
33. Kg2 a5 34. Kf3 a4 35. h3 a3 36. g4+ Kg5 37. bxa3 Rxa3+ 38. e3 g6 39. Rb5
Kf6 40. Rb7 h6 41. Rb6+ Kg7 42. gxf5 gxf5 43. Kf4 Ra5 44. f3 Rc5 45. Re6 Ra5
46. Rd6 Rb5 47. h4 Rb4+ 48. Rd4 Rb5 49. h5 Ra5 50. Rb4 Rc5 51. Rb7+ Kf6 52.
Rb6+ Kg7 53. Rg6+ Kh7 54. Re6 Kg7 55. Re5 Rc4+ 56. Kxf5 Rh4 57. Ke6 1-0

[Event "Kölner SK Dr. Lasker 2 - SF Düsseldor"]
[Site "NRW-Klasse - Gruppe 3 2021/20"]
[Date "2021.11.07"]
[Round "1.4"]
[White "Hoeren, Andreas"]
[Black "Hoffmann, André"]
[Result "1/2-1/2"]
[WhiteElo "2092"]
[BlackElo "1963"]
[PlyCount "84"]
[EventDate "2021.??.??"]
[SourceVersionDate "2020.03.16"]
[WhiteTeam "Kölner SK Dr. Lasker 2"]
[BlackTeam "SF Düsseldorf-Süd 1"]

1. b3 d5 2. Bb2 c5 3. e3 a6 4. Nf3 Bg4 5. h3 Bxf3 6. Qxf3 Nc6 7. d3 e5 8. g3
Nf6 9. Bg2 Bd6 10. O-O O-O 11. a3 Qe7 12. Nd2 Rfe8 13. Rfe1 Qd7 14. Rad1 Rac8
15. c4 d4 16. e4 Ne7 17. Bc1 a5 18. a4 Qe6 19. Nf1 h6 20. Bd2 b6 21. Nh2 Ng6
22. Qf5 Nh7 23. Qxe6 fxe6 24. h4 Rf8 25. Bh3 Kf7 26. Rf1 Ke7 27. Kg2 Nf6 28.
Ng4 Nh5 29. Nh2 Kd7 30. Bg4 Nf6 31. Be2 Rf7 32. Ng4 Rcf8 33. Nxf6+ Rxf6 34. Bg4
Ne7 35. f3 Ng8 36. Rf2 g6 37. Rdf1 R8f7 38. Bh3 Rf8 39. Kg1 R6f7 40. Bg2 Be7
41. Bh3 Bf6 42. Kg2 Be7 1/2-1/2

[Event "Kölner SK Dr. Lasker 2 - SF Düsseldor"]
[Site "NRW-Klasse - Gruppe 3 2021/20"]
[Date "2021.11.07"]
[Round "1.5"]
[White "Schmitz, Fabian"]
[Black "Diesner, Michael"]
[Result "0-1"]
[WhiteElo "1844"]
[BlackElo "2040"]
[PlyCount "70"]
[EventDate "2021.??.??"]
[SourceVersionDate "2020.03.16"]
[WhiteTeam "SF Düsseldorf-Süd 1"]
[BlackTeam "Kölner SK Dr. Lasker 2"]

1. e4 c5 2. Nc3 Nc6 3. g3 g6 4. Bg2 Bg7 5. Nge2 e5 6. O-O Nge7 7. d3 O-O 8. Be3
d6 9. Qd2 Nd4 10. Nd1 Be6 11. c3 Nxe2+ 12. Qxe2 Rc8 13. f4 exf4 14. gxf4 d5 15.
Bf2 Re8 16. e5 Qd7 17. Ne3 d4 18. cxd4 cxd4 19. Nc2 Nf5 20. Be4 f6 21. exf6
Bxf6 22. Qd2 Rc5 23. Rfc1 Rec8 24. Ne1 Ne3 25. Kh1 Nf1 26. Qd1 Rh5 27. Nf3 Ne3
28. Bxe3 dxe3 29. Rxc8+ Qxc8 30. Rc1 Qd7 31. b3 Qd6 32. Bxb7 Qxf4 33. Qe2 Bg4
34. Qg2 e2 35. Qxe2 Qxc1+ 0-1